[Event "Dortmund2"]
[Site "Dortmund"]
[Date "2002.05.17"]
[Round "8"]
[White "Szablewicz, Christof"]
[Black "Maschewski, Peter"]
[Result "1/2-1/2"]
[WhiteElo "1365"]
[BlackElo "1465"]
[PlyCount "22"]
[EventDate "2002.04.10"]
[EventType "tourn"]
[EventRounds "13"]
[EventCountry "GER"]
[SourceTitle "EXT 2007"]
[Source "ChessBase"]
[SourceDate "2006.11.23"]
[SourceVersion "1"]
[SourceVersionDate "2006.11.23"]
[SourceQuality "1"]

1. e4 c5 2. Nf3 d6 3. d4 cxd4 4. Nxd4 Nf6 5. Nc3 g6 6. Be3 Bg7 7. f3 0-0 8. h4 Nc6 9. Qd2 Bd7 10. g4 Rc8 11. h5 Ne5 1/2-1/2